000 00887nam a2200217 a 4500
005 20241105063726.0
008 190603s2002 mx r 000 0 spa d
020 _a9701872843
035 _aUPN01000230897
049 _aCG
050 4 _aLB1578.445 C7.1
_bE3.8
245 0 3 _aLa educación intercultural bilingüe :
_bcuaderno de trabajo para las niñas y los niños de educación primaria indígena : primero y segundo grados : cora de Nayarit /
_ccolab. Víctor D. Mora Sandoval ... [et al.]. ; tr. Sabino López Cánare.
260 _aMéxico :
_bSEP, Dirección General de Educación Indigena,
_c2002.
300 _a214 p. :
_bil. col.
650 4 _aCORA -
_vTEXTOS
_927125
650 4 _aEducación bilingüe
_zMéxico
_915022
650 4 _aEducación intercultural
_zMéxico
_914189
700 1 _aMora Sandoval, Víctor D.,
_ecolab.
_931577
905 _aLibro
999 _c202992
_d202992